LIBRARY & INFORMATION CENTRE, KCAET, TAVANUR

ONLINE PUBLIC ACCESS CATALOGUE (OPAC)

A Course in Refrigeration and Air- Conditioning (Record no. 14396)

MARC details
000 -LEADER
fixed length control field 00361nam a22001337a 4500
020 ## - INTERNATIONAL STANDARD BOOK NUMBER
ISBN 9788177000009
082 ## - DEWEY DECIMAL CLASSIFICATION NUMBER
Classification number 597.93
Item number ARO/CO
100 ## - MAIN ENTRY--AUTHOR NAME
Personal name Arora,Domkundwar
100 ## - MAIN ENTRY--AUTHOR NAME
Personal name Domkundwar,A.V
245 ## - TITLE STATEMENT
Title A Course in Refrigeration and Air- Conditioning
250 ## - EDITION STATEMENT
Edition statement 8 th Re& En
260 ## - PUBLICATION, DISTRIBUTION, ETC. (IMPRINT)
Place of publication New Delhi
Name of publisher Dhanpat Rai & Co. (P) Ltd.
Year of publication 2012
942 ## - ADDED ENTRY ELEMENTS (KOHA)
Koha item type Books
Holdings
Withdrawn status Lost status Damaged status Collection code Home library Current library Shelving location Date acquired Source of acquisition Cost, normal purchase price Full call number Accession Number Koha item type
        KAUAET KAUAET General Stacks 30/03/2013 Aman Book Stall, Calicut 495.00 597.93 ARO/CO 24103 Books
        KAUAET KAUAET General Stacks 30/03/2013 Aman Book Stall, Calicut 495.00 597.93 ARO/CO 24104 Books
free website counter